Nehynúca epopeja hrdinstva Pred 40 rokmi sa začal protiútok sovietskych vojsk pri Stalingrade

Bibliographic Details
Main Author: Lipský, Vladimír (Author)
Format: Article
Language:Slovak
Subjects:

MARC

LEADER 00000nab a2200000 a 4500
001 vtls000131144
003 SK-MaSNL
005 20260303032941.0
008 180405c1982 xo 0 slo
015 |a SNBRB19rr/mm-uuuuu 
035 |a CL0141250 
040 |a SNKBUCL  |b slo  |c SNKBUCL  |e AACR2 
041 0 |a slo 
044 |a xo  |c SK 
080 |a 947  |2 1981 
080 |a 355/359  |2 1981 
100 1 0 |a Lipský, Vladimír  |4 aut  |9 923646 
245 1 0 |a Nehynúca epopeja hrdinstva  |b Pred 40 rokmi sa začal protiútok sovietskych vojsk pri Stalingrade  |c Vladimír Lipský 
650 0 7 |a druhá svetová vojna (1939-1945)  |2 snkbucl  |9 169657 
650 0 7 |a bitka pri Stalingrade (1942-1943 : Volgograd, Rusko)  |2 snkbucl  |9 74542 
655 7 |a články z novín a časopisov  |2 snkbucl  |9 267496 
773 0 |t Pravda  |g Roč. 63, č. 276 (20. 11. 1982), s. 6 
850 |a Slovenská národná knižnica v Martine  |a MTA001 
852 |a SNK  |b KIS3GCP 
958 |a RK 
992 |a RBX 
999 |c 1667949  |d 1669879